[Event "51st Groningen Open A 2013"]
[Site "Groningen NED"]
[Date "2013.12.26"]
[Round "5.45"]
[White "Vos,T"]
[Black "Dirksen,M"]
[Result "1-0"]
[WhiteElo "2085"]
[BlackElo "2012"]

1.e4 c5 2.Nf3 d6 3.d4 cxd4 4.Nxd4 Nf6 5.Nc3 Nc6 6.Bg5 Bd7 7.Qd2 e6 8.Ndb5 Qa5
9.Nxd6+ Bxd6 10.Bxf6 gxf6 11.Qxd6 O-O-O 12.O-O-O Be8 13.Qf4 Rxd1+ 14.Kxd1 Qe5
15.Qxe5 fxe5 16.Nb5 a6 17.Nd6+ Kc7 18.Nc4 f6 19.Ne3 Bg6 20.f3 Rd8+ 21.Kc1 f5
22.exf5 exf5 23.Bd3 Ne7 24.Re1 Rd4 25.Nc4 e4 26.Nd2 exd3 27.Rxe7+ Kd8 28.Rxb7 dxc2
29.Kxc2 f4+ 30.Kc1 Bd3 31.g3 fxg3 32.hxg3 Rd6 33.Ne4 Rh6 34.Kd2 Bf1 35.Ke3 Rh2
36.a4 h5 37.b4 h4 38.gxh4 Rxh4 39.Rb6 Rh3 40.Nd2 Kc7 41.Rxa6  1-0

[Event "30th Boeblinger Open 2013"]
[Site "Boeblingen GER"]
[Date "2013.12.27"]
[Round "2.5"]
[White "Naumann,Ax"]
[Black "Gschnitzer,O"]
[Result "0-1"]
[WhiteElo "2185"]
[BlackElo "2426"]

1.e4 c5 2.Nf3 d6 3.d4 cxd4 4.Nxd4 Nf6 5.Nc3 Nc6 6.Bg5 e6 7.Be2 Be7 8.O-O O-O
9.Kh1 a6 10.f4 h6 11.Bh4 Bd7 12.a4 Nxe4 13.Nxc6 Bxc6 14.Nxe4 Bxe4 15.Bxe7 Qxe7
16.Bd3 f5 17.Bxe4 fxe4 18.Qd4 d5 19.c4 Qf6 20.Qb6 d4 21.Qxb7 e3 22.Qe4 Rab8
23.Rab1 Rb4 24.b3 Rfb8 25.Qd3 Qf5 26.Qxd4 Rxb3 27.Rbc1 e2 28.Rfe1 Rb1 29.Qd2 R8b2
30.Qe3 Rxc1 31.Qxc1 Qa5 32.h3 Rc2 33.Qb1 Qd2 34.Rg1 Rxc4 35.Qb8+ Kh7 36.Qe5 Rxf4
37.Qxe6 Qd3 38.Qb6 Rf1 39.Kh2  0-1

[Event "51st Groningen Open A 2013"]
[Site "Groningen NED"]
[Date "2013.12.28"]
[Round "7.14"]
[White "Burg,T"]
[Black "Efroimski,M"]
[Result "1/2-1/2"]
[WhiteElo "2490"]
[BlackElo "2307"]

1.e4 c5 2.Nf3 d6 3.d4 cxd4 4.Nxd4 Nf6 5.Nc3 Nc6 6.Bg5 e6 7.Qd2 Be7 8.O-O-O Nxd4
9.Qxd4 O-O 10.f4 h6 11.Bh4 Qa5 12.e5 dxe5 13.Qxe5 Qxe5 14.fxe5 Nd5 15.Bxe7 Nxe7
16.Bd3 b6 17.Be4 Rb8 18.Nb5 Bb7 19.Rhe1 Bxe4 20.Rxe4 Rfd8 21.Rxd8+ Rxd8 22.Rd4 Rxd4
23.Nxd4 Kf8 24.Kd2 Ke8 25.Ke3 Kd7 26.Ke4 Nc6 27.Nf3 f5+ 28.exf6 gxf6 29.g4 Kd6
30.Ne1 Ne5 31.h3 Nf7 32.h4 Ne5 33.Kf4 Ng6+ 34.Kg3 Kd5 35.h5 Ne5 36.Kf4 Kd4
37.Ng2 Nc4 38.b3 Nd2 39.c4 a5 40.Kg3 Ne4+ 41.Kf3 Nc3 42.Ne3 Nxa2 43.g5 fxg5
44.Ng4 Nc1 45.Nxh6 Nxb3 46.Nf5+ Kd3 47.h6 a4 48.h7 a3 49.h8=Q a2 50.Qd8+ Kc3
51.Qf6+ Kd3 52.Qd8+ Kc3 53.Qf6+ Kd3  1/2-1/2

[Event "51st Groningen Open A 2013"]
[Site "Groningen NED"]
[Date "2013.12.29"]
[Round "8.45"]
[White "Brookes,C"]
[Black "Dirksen,M"]
[Result "1-0"]
[WhiteElo "2182"]
[BlackElo "2012"]

1.e4 c5 2.Nf3 d6 3.d4 cxd4 4.Nxd4 Nf6 5.Nc3 Nc6 6.Bg5 Bd7 7.Be2 Qa5 8.Bxf6 gxf6
9.O-O Nxd4 10.Qxd4 Qc5 11.Qd2 e6 12.a4 a6 13.Rfb1 Rc8 14.Ra3 Rg8 15.g3 a5
16.Rb3 Bc6 17.Bb5 h5 18.Ne2 h4 19.Nd4 hxg3 20.hxg3 Rh8 21.Nxc6 bxc6 22.Be2 Qa7
23.Qc3 e5 24.Rb5 Qd7 25.Rxa5 Qh3 26.Bf3 Qh2+ 27.Kf1 Bh6 28.Rd1 Qh3+ 29.Bg2 Qe6
30.Ra6 Qd7 31.Qa5 Bf8 32.Qb6 Qg4 33.Rd3 Rh2 34.Ra8 Rxg2 35.Qxc6+ Ke7 36.Qxd6+  1-0

[Event "Cracovia Open A 2013-14"]
[Site "Krakow POL"]
[Date "2013.12.29"]
[Round "3.19"]
[White "Ulanowski,K"]
[Black "Kulon,K"]
[Result "0-1"]
[WhiteElo "2144"]
[BlackElo "2309"]

1.e4 c5 2.Nf3 d6 3.d4 cxd4 4.Nxd4 Nf6 5.Nc3 Nc6 6.Bg5 e6 7.Qd2 a6 8.O-O-O Bd7
9.f3 Be7 10.Kb1 Qc7 11.Be3 h5 12.Nxc6 bxc6 13.Bf4 e5 14.Bg5 Be6 15.Bxf6 gxf6
16.f4 Bg4 17.Re1 Bf8 18.f5 h4 19.h3 Bh5 20.Qf2 Rb8 21.Qxh4 Qa5 22.Re3 Qb6
23.Bb5 axb5 24.Rhe1 Ke7 25.g4 Bh6 26.Rd3 Ra8 27.Red1 Bg5 28.Qe1 b4 29.Ne2 Bxg4
30.hxg4 Rh2 31.Rxd6 Qa6 32.a3 Qc4 33.Rd7+ Kf8 34.R7d3 bxa3 35.b3 a2+ 36.Kb2 Qxe4
37.Ng3 Bc1+ 38.Rxc1 Qxd3  0-1

[Event "Cracovia Open A 2013-14"]
[Site "Krakow POL"]
[Date "2013.12.29"]
[Round "3.12"]
[White "Lach,A"]
[Black "Yarmysty,M"]
[Result "1-0"]
[WhiteElo "2161"]
[BlackElo "2265"]

1.e4 c5 2.Nf3 d6 3.d4 cxd4 4.Nxd4 Nf6 5.Nc3 Nc6 6.Bg5 e6 7.Qd3 a6 8.O-O-O Bd7
9.Be2 b5 10.Nxc6 Bxc6 11.a3 h6 12.Bf4 e5 13.Be3 Be7 14.f4 O-O 15.g4 Nd7 16.Kb1 a5
17.Nd5 Bxd5 18.Qxd5 exf4 19.Bxf4 b4 20.a4 Rc8 21.Bd3 Rc5 22.Qb3 Qc7 23.h4 Bf6
24.g5 hxg5 25.hxg5 Bxg5 26.Bxg5 Rxg5 27.e5 g6 28.Bxg6 Nxe5 29.Qh3 Kg7 30.Qh6+  1-0

[Event "51st Groningen Open A 2013"]
[Site "Groningen NED"]
[Date "2013.12.30"]
[Round "9.40"]
[White "Sparenberg,E"]
[Black "Brookes,C"]
[Result "1/2-1/2"]
[WhiteElo "2112"]
[BlackElo "2182"]

1.e4 c5 2.Nf3 Nc6 3.d4 cxd4 4.Nxd4 Nf6 5.Nc3 d6 6.Bg5 e6 7.Qd2 a6 8.O-O-O Bd7
9.f3 Be7 10.h4 Qc7 11.Kb1 Nxd4 12.Qxd4 b5 13.g4 Qa7 14.Qd2 Bc6 15.Bh3 Qb7
16.Ne2 h6 17.Be3 d5 18.e5 Nd7 19.Bd4 O-O-O 20.g5 hxg5 21.hxg5 g6 22.Qf4 Rhf8
23.Bg4 Nb6 24.Rh7 Be8 25.b3 Kb8 26.Qe3 Nc8 27.Nc1 Rd7 28.Rdh1 Qc6 29.f4 Rc7
30.Bd1 Ba3 31.Rh8 Rxh8 32.Rxh8 Ne7 33.Qd2 Nf5 34.Bf2 Rc8 35.Nd3 d4 36.Nb4 Bxb4
37.Qxb4 d3 38.c4 Qb7 39.cxb5 axb5 40.a4 Qc6 41.Qa5 Qc1+ 42.Ka2 Rc2+ 43.Bxc2 Qxc2+
44.Ka3 Qc1+ 45.Ka2 Qc2+  1/2-1/2

[Event "51st Groningen Open A 2013"]
[Site "Groningen NED"]
[Date "2013.12.30"]
[Round "9.20"]
[White "Zakhartsov,Vl"]
[Black "Van Osch,Mees"]
[Result "1-0"]
[WhiteElo "2358"]
[BlackElo "2139"]

1.e4 c5 2.Nf3 d6 3.d4 cxd4 4.Nxd4 Nf6 5.Nc3 Nc6 6.Bg5 Qb6 7.Bb5 a6 8.Bxf6 axb5
9.Nd5 Qa5+ 10.b4 Nxb4 11.Nb3 Qd8 12.Bd4 Nxd5 13.exd5 e5 14.dxe6 Bxe6 15.O-O Qg5
16.f4 Qd5 17.Qe2 Be7 18.Rae1 O-O 19.f5 Bxf5 20.Qh5 Be6 21.Qxd5 Bxd5 22.Rxe7 Rxa2
23.Rf5 Bc6 24.Rf2 Bd5 25.Nc1 Ra4 26.Bb2 Re4 27.Re2 Rxe7 28.Rxe7 h6 29.Nd3 Rc8
30.Nb4 Bc6 31.Re3 Bd7 32.Rg3 g6 33.Rd3 Rc4 34.c3 Re4 35.Rxd6 Be6 36.Rd2 g5
37.Nd5 Re5 38.Nf6+ Kg7 39.c4 Rf5 40.Ne8+ Kg6 41.Nd6 Rc5 42.cxb5 Bd7 43.Ba3 Rc3
44.Ne4 Rxa3 45.Rxd7  1-0

[Event "Cracovia Open A 2013-14"]
[Site "Krakow POL"]
[Date "2013.12.31"]
[Round "6.13"]
[White "Nasuta,G"]
[Black "Wisniowska,K"]
[Result "1/2-1/2"]
[WhiteElo "2331"]
[BlackElo "2182"]

1.e4 c5 2.Nf3 d6 3.d4 Nf6 4.Nc3 cxd4 5.Nxd4 Nc6 6.Bg5 e6 7.Qd2 a6 8.O-O-O Bd7
9.f3 h6 10.Be3 b5 11.Nxc6 Bxc6 12.Ne2 Qc7 13.Kb1 Be7 14.Nd4 Bb7 15.g4 Nd7
16.g5 hxg5 17.Bxg5 Rh5 18.Rg1 g6 19.h4 Nc5 20.Bxb5+ Kf8 21.Be2 e5 22.Nb3 Ne6
23.f4 Nxg5 24.Bxh5 Nxe4 25.Qa5 Qxa5 26.Nxa5 gxh5 27.Nxb7 Rb8 28.Rge1 f5 29.Rxe4 fxe4
30.Nxd6  1/2-1/2

[Event "Cracovia Open A 2013-14"]
[Site "Krakow POL"]
[Date "2013.12.31"]
[Round "6.14"]
[White "Cukrowski,F"]
[Black "Kulon,K"]
[Result "0-1"]
[WhiteElo "2215"]
[BlackElo "2309"]

1.e4 c5 2.Nf3 d6 3.d4 cxd4 4.Nxd4 Nf6 5.Nc3 Nc6 6.Bg5 e6 7.Qd2 a6 8.O-O-O Bd7
9.f4 b5 10.Bxf6 gxf6 11.Kb1 Qb6 12.Nxc6 Bxc6 13.f5 b4 14.Ne2 e5 15.Ng3 Qc5
16.Bd3 Rg8 17.Rhe1 a5 18.Nf1 a4 19.g3 h5 20.Qe3 Ra5 21.Qe2 a3 22.Nd2 Qd4
23.c3 bxc3 24.Nb3 Qa7 25.Nxa5 Qxa5 26.b3 Bh6 27.Kc2 Rg4 28.Qf3 Bd2 29.h3 Rg5
30.Re2 Qc5 31.g4 Ke7 32.gxh5 d5 33.exd5 Bxd5 34.Qf2 Qxf2 35.Rxf2 Rxh5 36.Rh2 Kd6
37.b4 Rh4 38.Rb1 e4 39.Ba6 e3 40.Rb3 Rd4 41.Rxc3 Be4+ 42.Kb3 Bxc3 43.Kxc3 Ke5
44.h4 Rd6 45.Bc4 Kxf5 46.h5 Kg4 47.h6 Bh7 48.Bxf7 f5 49.Kc4 Kg3 50.Re2 f4
51.Bd5 Bd3+ 52.Kc5 Rxd5+ 53.Kxd5 Bxe2 54.h7 Bf3+  0-1

[Event "Cracovia Open A 2013-14"]
[Site "Krakow POL"]
[Date "2013.12.31"]
[Round "6.22"]
[White "Adamowicz,K"]
[Black "Stachanczyk,J"]
[Result "1-0"]
[WhiteElo "2094"]
[BlackElo "2261"]

1.e4 c5 2.Nf3 Nc6 3.d4 cxd4 4.Nxd4 Nf6 5.Nc3 d6 6.Bg5 e6 7.Bb5 Bd7 8.Bxc6 bxc6
9.f4 h6 10.Bh4 Qb6 11.Qd3 g5 12.fxg5 hxg5 13.Bxg5 Ng4 14.h3 Ne5 15.Qd1 Qxb2
16.Nce2 Qb4+ 17.c3 Qc4 18.O-O c5 19.Nf3 Nxf3+ 20.Rxf3 Rg8 21.h4 Qxe4 22.Ng3 Qc4
23.Rxf7 Kxf7 24.Qf3+ Kg7 25.Nh5+ Kh8 26.Nf6 Kg7 27.Nxd7 Be7 28.Bxe7 Qd5 29.Qf6+ Kh7
30.Qf7+  1-0

[Event "Cracovia Open A 2013-14"]
[Site "Krakow POL"]
[Date "2014.01.03"]
[Round "8.6"]
[White "Adamowicz,K"]
[Black "Heberla,B"]
[Result "1-0"]
[WhiteElo "2094"]
[BlackElo "2561"]

1.e4 c5 2.Nf3 Nc6 3.d4 cxd4 4.Nxd4 Nf6 5.Nc3 d6 6.Bg5 Bd7 7.Bb5 e6 8.Bxc6 bxc6
9.Qf3 Qa5 10.Bxf6 gxf6 11.O-O-O Rb8 12.Rhe1 Qb6 13.Qxf6 Rg8 14.Nf5 Qxb2+
15.Kd2 Qb6 16.Rb1 Qd8 17.Rxb8 Qxb8 18.g3 Qd8 19.Qd4 Qc7 20.e5 d5 21.Nd6+ Bxd6
22.exd6 Qb6 23.Qh4 Kf8 24.Qf4 d4 25.Ne4 Rg6 26.Qe5 Qb4+ 27.Ke2 Qb5+ 28.Qxb5 cxb5
29.f4 Bc6 30.Kd3 Rh6 31.h4 Rh5 32.Nf6 Rc5 33.Kxd4 Rxc2 34.Rd1 Kg7 35.d7 Bxd7
36.Nxd7 Rxa2 37.Kc5 Ra3 38.Ne5 Rxg3 39.Rd7 Kg8 40.Rxf7 Rg7 41.Rf6 Rc7+ 42.Kxb5 Re7
43.h5 Kg7 44.Ng4 Rb7+ 45.Ka6 Re7 46.h6+ Kg8 47.Ne5 Re8 48.Rf7  1-0

[Event "Cracovia Open A 2013-14"]
[Site "Krakow POL"]
[Date "2014.01.04"]
[Round "9.24"]
[White "Ulanowski,K"]
[Black "Nowicki,B"]
[Result "0-1"]
[WhiteElo "2144"]
[BlackElo "2251"]

1.e4 c5 2.Nf3 d6 3.d4 cxd4 4.Nxd4 Nf6 5.Nc3 Nc6 6.Bg5 Bd7 7.Qd2 Rc8 8.O-O-O Nxd4
9.Qxd4 Qa5 10.Bxf6 gxf6 11.Kb1 a6 12.f4 Qc5 13.Qd2 Bg7 14.f5 h5 15.g3 Bh6
16.Qd3 b5 17.Nd5 b4 18.Nf4 h4 19.Qd2 a5 20.Ba6 Rc7 21.Qe2 a4 22.Nd5 Ra7 23.gxh4 Rg8
24.Bc4 a3 25.b3 Bc6 26.Qh5 Bf8 27.Rhe1 Rg7 28.Qe2 Rh7 29.h5 Bh6 30.Rg1 Bg5
31.Rg3 Kf8 32.Qg4 Rg7 33.Qe2 e6 34.fxe6 fxe6 35.h6 Rgf7  0-1

[Event "TCh-NED Meesterklasse 2013-14"]
[Site "Netherland NED"]
[Date "2014.01.04"]
[Round "4.9"]
[White "Schoorl,R"]
[Black "Van der Heijden,T"]
[Result "0-1"]
[WhiteElo "2340"]
[BlackElo "2289"]

1.e4 c5 2.Nf3 d6 3.d4 cxd4 4.Nxd4 Nf6 5.Nc3 Nc6 6.Bg5 e6 7.Qd2 Nxd4 8.Qxd4 Bd7
9.O-O-O Qa5 10.f4 Be7 11.e5 dxe5 12.fxe5 O-O-O 13.Qf4 Nd5 14.Nxd5 Bxg5 15.Qxg5 exd5
16.Kb1 g6 17.Qf4 Be6 18.Qd4 Kb8 19.Bd3 Rc8 20.Rhf1 Rc6 21.Rf4 Rhc8 22.a3 Rb6
23.Ka1 Rc5 24.g4 Rbc6 25.h3 Qc7 26.Rd2 Qe7 27.Rf6 Rc3 28.Qb4 Qxb4 29.axb4 Rxd3
30.Rxd3 Rxc2 31.Kb1 Re2 32.Rf4 Kc7 33.b5 Kb6 34.Ra4 h5 35.Kc1 hxg4 36.hxg4 Rxe5
37.Kd2 Re4 38.Rxe4 dxe4 39.Rd4 Bxg4 40.Rxe4 Be6 41.Re5 Kc7 42.Kc3 Kd6 43.Kd4 f5
44.Re1 Bd7 45.Ra1 Bxb5 46.Rxa7 Bc6 47.b4 Ke6 48.b5 Be4 49.Ra8 Kf6 50.Ke3 g5
51.Rg8 Bg2 52.Kf2 Bd5 53.Rd8 Ke5 54.Kg3 Be6 55.Re8 f4+ 56.Kf3 g4+ 57.Ke2 Kf6
58.b6 Bd5 59.Rd8 Ke5 60.Re8+ Kd4 61.Rf8 Bc4+ 62.Ke1 Ke3 63.Rd8 g3 64.Rd2 f3
65.Re2+ Kf4  0-1